| 000 | 01782npm a2200361 i 4500 | ||
|---|---|---|---|
| 001 | 5230 | ||
| 003 | ES-MaACL | ||
| 005 | 20251002203109.0 | ||
| 007 | hzrazu bucu | ||
| 008 | 900425r19901787sp a 00010 spa d | ||
| 080 | _a9(46)"14" | ||
| 080 | _a86-1"1564" | ||
| 080 | _a9(46.42)"1467" | ||
| 100 | 1 |
_aEnríquez del Castillo, Diego. _947288 |
|
| 245 | 1 | 0 |
_aCronica del rey D. Enrique el Quarto de este nombre _b: [Microforma] / _cpor su capellan y cronista, Diego Enriquez del Castillo. |
| 250 |
_a2a ed. _bcorregida por Jose Miguel de Flores. |
||
| 260 |
_aMadrid : _bAteneo Cientifico, Literario y Artistico, _c1990. |
||
| 300 |
_a1 carrete de microfilme : _bnegativo ; _c16 mm. |
||
| 490 | 1 | _aCrónicas de los Reyes de Castilla | |
| 500 | _aPublicado originalmente: Madrid, Impr. de Antonio Sancha, 1787, encuadernado con: 1o) Coplas de Mingo Revulgo / compuestas po Rodrigo de Cota (El Tio)... ; glosadas por Hernando Perez del Pulgar. 2o) Coplas de Mingo Revulgo / glosadas por Juan Martinez de Barros. 3o) Carta del levantamiento de Toledo en 19 de julio de 1467 : trasladado de una carta que esta en los archivos de esta santa iglesia de Toledo / que escribio Pedro de Mesa. | ||
| 650 | 1 | 4 |
_aObras anteriores a 1800. _915661 |
| 700 | 1 |
_aFlores, José Miguel de. _951261 |
|
| 700 | 1 |
_aCota, Rodrigo, _dca. 1450-ca. 1504 _941158 |
|
| 700 | 1 |
_aPérez del Pulgar, Hernán, _d1451-1531 _9151378 |
|
| 700 | 1 |
_aMartínez de Barros, Juan. _977980 |
|
| 700 | 1 |
_aMesa, Pedro de. _980633 |
|
| 740 | 0 | _aCoplas de Mingo Revulgo. | |
| 740 | 0 | _aCarta del levantamiento de Toledo en 19 de Julio de 1467. | |
| 830 | 0 | 0 |
_aCrónicas de los reyes de Castilla _9177248 |
| 852 |
_aES-MaACL _jMC-49 _95347 |
||
| 942 |
_2udc _cMICROFORMA |
||
| 999 |
_c5230 _d5230 |
||